01122nam a2200241 a 450000100100000000500170001000800410002702000150006804000250008310000460010824502060015426000720036030000210043249000220045350400320047550400730050770000410058070000360062171000720065783000290072995201050075899900170086300004109920201002034622.0131001s2003 sp 000 0 spa d a8400082117 aDO-SdBNPbspacBNPHU1 a: Rodríguez Rodríguez, Vicente96762610aCaracterísticas demográficas y socioeconómicas del envejecimiento de la población en España y Cuba /cVicente Rodríguez Rodríguez, Rául Hernández Castellón, Dolores Puga González. aMadrid :bConsejo Superior de Investigaciones Científicas,c2003. a199 p. ;c22 cm.1 aMonografíasv26 aBibliografía : p. 193-199 aIncluye referencias bibliográficas y notas al pie de las páginas1 aHernández Castellón, Raul9676271 aPuga González, Dolores9676282 aConsejo Superior de Investigaciones Científicas,(España)967570 0aMonografíasv26915334 001050718MOaGRbGRcCTd2013-09-17iLF1l0o p41099-10r2020-06-25w2020-06-25y1ZNo se presta c40589d40589